000 00651nam a22001937a 4500
003 ASAB
005 20180827062826.0
008 180504t xxu||||| |||| 00| 0 eng d
040 _cASAB
082 _aThesis 2010 MF
100 _aMuhammad Faheem-sup-Dr. Ishtiaq Qadri
_93766
245 _aTH-MS-Partial characterization of Human TRAF2 Gene and its interaction with Hepatitis C Virus NS5A Protein
_cMuhammad Faheem-sup-Dr. Ishtiaq Qadri
250 _a2010
260 _aIslamabad
_bASAB (NCVI) NUST
_c2010
300 _axix, 95 p
_c30 cm
630 _aVirology and Immunology
_93767
630 _aHealthcare Biotechnology
_93768
942 _2ddc
_cTH
999 _c480782
_d480782